South American Mammals

Bibliographic Details
Format: Book
Published: Loughborough : Ladybird Books Ltd , 19--?
Subjects:

MARC

LEADER 00000cam a2200000 7i4500
001 0000006899
002 000007431
005 20000330.0
020 |a 0721403123 
090 0 0 |a J 591.5   |b LAD 
245 1 0 |a South American Mammals 
260 |a Loughborough :   |b Ladybird Books Ltd ,   |c 19--? 
300 |a 50 p. :   |b ill. ;   |c 18 cm. 
650 0 0 |a Mammals   |x Juvenile literature 
999 |a 0013382   |b BUKU   |c PINJAMAN   |e PERPUSTAKAAN KOMUNITI PETALING JAYA